World History (Record no. 237386)
[ view plain ]
| 000 -LEADER | |
|---|---|
| fixed length control field | 00373nam a2200157Ia 4500 |
| 005 - DATE AND TIME OF LATEST TRANSACTION | |
| control field | 20250729165540.0 |
| 008 - FIXED-LENGTH DATA ELEMENTS--GENERAL INFORMATION | |
| fixed length control field | 250729s2005 xx 000 0 und d |
| 041 ## - LANGUAGE CODE | |
| Language code of text/sound track or separate title | eng |
| 082 ## - DEWEY DECIMAL CLASSIFICATION NUMBER | |
| Classification number | 900 CHOW |
| 100 ## - MAIN ENTRY--PERSONAL NAME | |
| Personal name | Chopra P S |
| 9 (RLIN) | 226684 |
| 245 ## - TITLE STATEMENT | |
| Title | World History |
| 260 ## - PUBLICATION, DISTRIBUTION, ETC. | |
| Place of publication, distribution, etc. | New Delhi |
| Date of publication, distribution, etc. | 2005 |
| 300 ## - PHYSICAL DESCRIPTION | |
| Extent | 676p |
| 650 ## - SUBJECT ADDED ENTRY--TOPICAL TERM | |
| Topical term or geographic name entry element | History |
| 9 (RLIN) | 226685 |
| 700 ## - ADDED ENTRY--PERSONAL NAME | |
| Personal name | Rao Digumurthi |
| 9 (RLIN) | 226686 |
| Withdrawn status | Lost status | Damaged status | Not for loan | Home library | Current library | Date acquired | Source of acquisition | Cost, normal purchase price | Total Checkouts | Full call number | Barcode | Date last seen | Date last checked out | Cost, replacement price | Price effective from | Koha item type |
|---|---|---|---|---|---|---|---|---|---|---|---|---|---|---|---|---|
| St Aloysius Library | St Aloysius Law Library | 07/29/2025 | School Book Company | 275.00 | 1 | 900 CHOW | BED02705 | 12/30/2025 | 12/03/2025 | 275.00 | 07/29/2025 | Book |